[Event "Moscow Aeroflot op-A"]
[Site "Moscow"]
[Date "2006.02.12"]
[Round "5"]
[White "Shariyazdanov, Andrey"]
[Black "Dreev, Alexey"]
[Result "0-1"]
[WhiteElo "2583"]
[BlackElo "2697"]
[Annotator "Lutz,C"]
[PlyCount "40"]
[EventDate "2006.02.08"]
[EventType "swiss"]
[EventRounds "9"]
[EventCountry "RUS"]
[SourceTitle "CBM 112"]
[Source "ChessBase"]
[SourceDate "2006.06.07"]
[SourceVersion "1"]
[SourceVersionDate "2006.06.07"]
[SourceQuality "1"]

1. d4 d5 2. c4 c6 3. Nc3 Nf6 4. e3 e6 5. Nf3 Nbd7 6. Qc2 Bd6 7. g4 dxc4 8. Bxc4
e5 9. g5 Nd5 10. Bd2 O-O {Populärer ist 10...exd4, aber der Textzug ist nicht
schlechter.} (10... exd4 $5 11. Nxd4 O-O 12. Nxd5 {0-1 Radjabov,T-Shirov,A/
Leon 2004/CBM 102/[Lutz] (47)} (12. Ne4 {0-1 Gelfand,B-Shirov,A/Monaco 2004/
CBM 99 ext (23)}) (12. Bxd5 {0-1 Aronian,L-Smirnov,P/Tripoli 2004/CBM 102 (92)}
)) 11. O-O-O $6 {Dieser Zug scheint nicht besonders geeignet zu sein.} (11. Ne4
Bc7 (11... Qe7 $5 {1/2-1/2 Berezovsky,I-Ribli,Z/Germany 2004/CBM 105 (11)}) 12.
O-O-O (12. dxe5 Nxe5 13. Nxe5 Bxe5 14. f4 Bc7 15. O-O-O Bg4 $132 {1/2-1/2
Pedersen,S-Khenkin,I/Germany 2005/CBM 106/[Lutz] (50)}) (12. Rg1 exd4 13. Nxd4
Ne5 14. Be2 Ng6 15. O-O-O Re8 16. a3 Bh3 17. Nc3 Nb6 18. Kb1 Qc8 $13 {1/2-1/2
Vorobiov,E-Galkin,A/Tomsk 2004/CBM 102/[Lutz] (18)}) 12... exd4 13. Nxd4 Ne5
14. Be2 Bh3 15. Rhg1 Ng6 16. f4 Ndxf4 17. Bb4 Nd5 18. Bxf8 Qxf8 19. Qb3 $13 {
1-0 Dobrov,V-Dreev,A/playchess.com INT 2006/CBM 110 ext (58)}) (11. Nxd5 cxd5
12. Bxd5 exd4 13. O-O-O (13. Nxd4 Qxg5 14. Be4 Nf6 15. Bf3 Bg4 16. Rg1 Rac8 17.
Qd3 Qh4 $40 {0-1 Szeberenyi,A-Mann,G/Budapest 1997/CBM 61 ext (63)}) 13... Nb6
14. Be4 Bg4 15. Nxd4 $5 (15. Kb1 Bxf3 16. Bxf3 Qxg5 17. exd4 Qf6 18. Be4 h6 19.
h4 Rac8 20. Qd3 Nc4 21. Bc1 Bf4 22. Bf5 Bxc1 23. Rxc1 Nd2+ 24. Ka1 Rcd8 25. d5
Qe5 26. Bh7+ Kh8 27. Qxd2 Kxh7 $11 {1/2-1/2 Zhu Chen-Dominguez,L/Wijk aan Zee
2004/CBM 99 (60)}) 15... Rc8 16. Bc3 Bxd1 17. Rxd1 Qxg5 18. f4 Qf6 19. Nb5 Rxc3
20. Nxc3 $13 {1-0 Bagirov,V-Ofstad,P/Gladenbach 1999/EXT 2001 (29)}) 11... exd4
12. Nxd4 (12. exd4 $5 Nb4 13. Qe4 Nb6 14. Bb3 Re8 15. Ne5 N6d5 $6 (15... Bxe5
$1 16. dxe5 Nd3+ 17. Kb1 Nc5 $40) 16. Qf3 Be6 $13 {0-1 Dobrov,V-Dreev,A/
chessassistantclub.com INT 2004/CBM 104 ext (73)}) 12... Nb4 $1 $146 {Eine
deutliche Verbesserung des schwarzen Spiels. Schwarz übernimmt nun die
Initative.} (12... Ne5 $6 13. Nxd5 Nxc4 14. Qxc4 (14. Nf6+ $5 {Lutz} gxf6 15.
Qxc4 fxg5 16. Bc3 $44) 14... cxd5 15. Qxd5 Bg4 16. f3 Bh5 17. Bc3 Rc8 18. Kb1
Re8 19. Ka1 $14 Bf8 20. Qxb7 Qxg5 21. Rhg1 Qc5 22. h4 h6 23. Rde1 Rcd8 24. Qc6
Qxc6 25. Nxc6 Rd7 26. Nd4 g6 27. f4 Kh7 28. Nc6 {1/2-1/2 Maki Uuro,
M-Johannessen,L/Izmir 2004/CBM 104/[Lutz] (28)}) 13. Qb1 (13. Qb3 Nc5) (13. Qe4
Re8) 13... Ne5 14. Be2 c5 15. Nf5 $2 {Weiß muß unbedingt den Ne5 abtauschen,
um Schlimmeres zu verhindern.} (15. Nf3 Be6 $36) 15... c4 $19 {Mit dem
Eindringen des Springers nach d3 ist die Partie vorbei.} 16. Nxd6 Ned3+ 17.
Bxd3 Nxd3+ 18. Kc2 Qxd6 19. Be1 Bg4 20. Rd2 Bf3 0-1

[Event "FRA-ch"]
[Site "Narbonne"]
[Date "1997.08.21"]
[Round "6"]
[White "Chabanon, Jean Luc"]
[Black "Anic, Darko"]
[Result "0-1"]
[WhiteElo "2455"]
[BlackElo "2445"]
[Annotator "Lutz,C"]
[PlyCount "114"]
[EventDate "1997.08.15"]
[EventType "tourn"]
[EventRounds "15"]
[EventCountry "FRA"]
[EventCategory "9"]
[SourceTitle "CBM 061"]
[Source "ChessBase"]
[SourceDate "1997.11.23"]
[SourceVersion "1"]
[SourceVersionDate "1997.11.23"]
[SourceQuality "1"]

1. d4 c6 2. Nf3 Nf6 3. c4 d5 4. Nc3 e6 5. e3 Nbd7 6. Qc2 Bd6 7. g4 dxc4 8. Bxc4
b5 9. Be2 Bb7 10. g5 Nd5 11. Ne4 Be7 12. Bd2 {Wenn Schwarz zu ...c6-c5 kommt,
steht er gut. Aber Weiß kann diesen Vorstoß durch Ne4-c5 verhindern, was ihm
Aussicht auf Vorteil gibt.} Qb6 (12... Rc8 13. Nc5 $1 (13. Rc1 $2 c5 14. dxc5
Nxc5 15. Nxc5 Rxc5 16. Qb3 Rxc1+ 17. Bxc1 O-O $132 {Michaelsen,N-Knaak,R/
BL9293 1993/BL 90/0-1 (48)}) 13... Nxc5 14. dxc5 Bxg5 15. Nxg5 Qxg5 16. O-O-O
e5 17. Rhg1 Qf6 18. f4 exf4 19. Rdf1 a5 20. e4 $40 {1-0 Gabriel,C-Mueller,M/
BL9495 1995/BL 90 (32)}) (12... b4 13. Nc5 $1 Nxc5 14. dxc5 Qc7 15. Rg1 Qa5 16.
Rc1 Ba6 17. Bxa6 Qxa6 18. Qc4 Qxc4 19. Rxc4 a5 20. e4 Nc7 21. Ne5 $14 {Gelfand,
B-San Segundo,P/Madrid 1996/CBM 53/[Gelfand]/1-0 (54)}) 13. Rc1 Rc8 14. Nc5 $1
Nxc5 15. dxc5 Qc7 16. Rg1 Rd8 17. Rg4 {Mit der Drohung 18.e4. In Betracht kam
aber 17.Bd3!? oder 17.h4!, um eine kurze schwarze Rochade zu entmutigen.
Schwarz kann dann allerdings auch versuchen, mittels ...Kd7-c8 zum Damenflügel
zu flüchten.} (17. Bd3 $5) (17. h4 $5) 17... f5 18. gxf6 Bxf6 19. e4 Ne7 20. e5
$2 {Etwas optimistisch. Der weiße König steht zu luftig, als daß dieses
Bauernopfer korrekt sein könnte.} Bxe5 21. Nxe5 Qxe5 22. Bc3 Qxh2 23. Bxg7 Qh1+
24. Bf1 Rg8 25. Qe2 Rd5 26. Rc3 Qh5 27. Re3 Qf5 28. f3 Bc8 29. b4 h5 30. Rg2
Qb1+ 31. Kf2 Qxb4 32. Kg1 Qxc5 33. Kh1 Rg5 34. Re5 Rxg2 35. Qxg2 Qd4 36. Rg5
Qh4+ 37. Kg1 Kf7 38. Bh6 Rxg5 39. Bxg5 Qd4+ 40. Kh2 Nf5 41. Be2 Qd5 42. Qf2
Qxa2 43. f4 Kg8 44. Bf6 Bd7 45. Bc3 Be8 46. Qg1+ Kh7 47. Qd1 c5 48. Kg1 b4 49.
Be5 Qd5 50. Qa1 Bc6 51. Qxa7+ Kh6 52. Kf2 Qg2+ 53. Ke1 Qg1+ 54. Kd2 Qe3+ 55.
Kd1 Bf3 56. Bxf3 Qxf3+ 57. Kc1 Qa3+ 0-1

[Event "Schoeneck"]
[Site "Schoeneck"]
[Date "1996.??.??"]
[Round "3"]
[White "Kachiani Gersinska, Ketino"]
[Black "Luther, Thomas"]
[Result "1/2-1/2"]
[WhiteElo "2415"]
[BlackElo "2495"]
[Annotator "Lutz,C"]
[PlyCount "47"]
[EventDate "1996.??.??"]
[EventType "tourn"]
[EventRounds "9"]
[EventCountry "GER"]
[SourceTitle "CBM 056"]
[Source "ChessBase"]
[SourceDate "1997.02.01"]
[SourceVersion "1"]
[SourceVersionDate "1997.02.01"]
[SourceQuality "1"]

1. d4 d5 2. c4 c6 3. Nf3 Nf6 4. Nc3 e6 5. e3 Nbd7 6. Qc2 Bd6 7. b3 O-O 8. Be2
b6 9. O-O Bb7 10. Bb2 Re8 (10... Qe7 11. e4 Nxe4 12. Nxe4 dxe4 13. Qxe4 Nf6 14.
Qe3 c5 15. Ne5 Rad8 16. Bf3 Qc7 17. Bxb7 Qxb7 18. Rfd1 cxd4 19. Bxd4 Ne4 20.
Nd3 Be7 $11 {1/2-1/2 Portisch,L-Ioseliani,N/London Women-Veterans 1996 (33)})
11. Rfd1 a6 (11... Qe7 12. e4 Nxe4 13. Nxe4 dxe4 14. Qxe4 Rad8 15. h3 Nf6 16.
Qe3 c5 17. Ne5 Qc7 18. Bd3 h6 19. Bc2 b5 20. Qe2 bxc4 21. Nxc4 Bh2+ 22. Kh1 Qc6
23. f3 Bc7 $13 {1-0 Karpov,A-Bareev,E/Paris Immopar rapid 1992 (60)}) (11...
Qc7 12. e4 dxe4 13. Nxe4 Nxe4 14. Qxe4 c5 15. Qg4 f5 16. Qh3 Nf8 17. dxc5 bxc5
18. Nh4 Be5 19. Bxe5 Qxe5 20. Bf3 Bxf3 21. Nxf3 Qf6 22. Qh4 Qb2 23. Qf4 Rad8
24. Rdb1 Qa3 25. Re1 $16 {1-0 Tregubov,P-Delemarre,J/Wijk op 1995 (67)}) 12. e4
Nxe4 13. Nxe4 dxe4 14. Qxe4 Qc7 15. Qh4 Be7 16. Qg3 Qxg3 17. hxg3 c5 18. Ne5
Rad8 19. Nxd7 Rxd7 20. dxc5 Rxd1+ 21. Rxd1 Bxc5 22. Bf3 Bxf3 23. gxf3 h6 24. f4
1/2-1/2

[Event "RUS-chT 09th Group1"]
[Site "Ekaterinburg"]
[Date "2002.05.19"]
[Round "3"]
[White "Makarov, Marat"]
[Black "Sakaev, Konstantin"]
[Result "0-1"]
[WhiteElo "2523"]
[BlackElo "2649"]
[Annotator "Lutz,C"]
[PlyCount "77"]
[EventDate "2002.05.17"]
[EventType "team-tourn"]
[EventRounds "7"]
[EventCountry "RUS"]
[SourceTitle "CBM 090"]
[Source "ChessBase"]
[SourceDate "2002.09.20"]
[SourceVersion "1"]
[SourceVersionDate "2002.09.20"]
[SourceQuality "1"]
[WhiteTeam "Novosibirsk Transsib"]
[BlackTeam "Sankt Petersburg Lentransgaz"]
[WhiteTeamCountry "RUS"]
[BlackTeamCountry "RUS"]

1. d4 Nf6 2. c4 e6 3. Nf3 d5 4. Nc3 c6 5. e3 Nbd7 6. Qc2 Bd6 7. g4 Bb4 8. Bd3
$6 dxc4 9. Bxc4 b5 $5 {Siehe auch Kempinski-Yagupov in dieser Ausgabe des CBM.}
10. Be2 Bb7 11. g5 (11. Bd2 {0-1 Kempinski,R-Yagupov,I/Batumi 2002/[Lutz] (37)}
) 11... Nd5 12. Bd2 Bxc3 13. bxc3 N5b6 {Die Stellung ist sehr interessant.
Schwarz hat den schwarzfeldrigen Läufer aufgegeben und kann dafür auf eine
stärkere Kontrolle der weißen Felder hoffen. Es ist nicht klar, welche
vorteile nun der Pg5 bietet.} 14. Rg1 Rc8 15. Rg3 {Ein ungewöhnliches
Turmmanover, das auch den Nf3 deckt.} a6 16. Qe4 Qc7 17. Qh4 {/\ g6} Nf8 $1 18.
Bd3 c5 $15 {Schwarz hat ein recht klares Spiel am Damenflügel, während die
weiße Zielsetzung nicht so offensichtlich ist.} 19. Ne5 Nbd7 20. Nxd7 Qxd7 21.
Qg4 Ng6 22. f4 Ne7 {Schwarz spielt konsequent auf den weißen Feldern.} 23. h4
Nf5 24. Rh3 Nd6 25. h5 Be4 26. Bxe4 Nxe4 $17 {Die Züge dieses Springers
hinterlassen einen ästhetischen Eindruck. Durch die Kontrolle über die weißen
Felder hat Schwarz klaren Vorteil. Der Bd2 macht keinen wirklich glücklichen
Eindruck.} 27. Qg2 Qd5 28. g6 fxg6 29. hxg6 h6 30. Qh1 O-O $19 31. Rxh6 $6 {
Verzweiflung, aber Weiß war ohnehin schon positionell verloren.} gxh6 $19 32.
Qxh6 Rc7 33. O-O-O Nf2 34. Rg1 Rg7 35. Be1 Nd3+ 36. Kd2 Nxe1 37. Kxe1 Qe4 38.
Kf2 cxd4 39. cxd4 0-1

[Event "FIDE World Cup"]
[Site "Khanty-Mansiysk"]
[Date "2005.12.01"]
[Round "2.2"]
[White "Sakaev, Konstantin"]
[Black "Erenburg, Sergey"]
[Result "1/2-1/2"]
[WhiteElo "2668"]
[BlackElo "2582"]
[Annotator "Lutz,C"]
[PlyCount "45"]
[EventDate "2005.11.27"]
[EventType "k.o."]
[EventRounds "7"]
[EventCountry "RUS"]
[SourceTitle "CBM 111"]
[Source "ChessBase"]
[SourceDate "2006.04.04"]
[SourceVersion "1"]
[SourceVersionDate "2006.04.04"]
[SourceQuality "1"]

1. d4 d5 2. c4 c6 3. Nf3 Nf6 4. Nc3 a6 5. e3 e6 6. Qc2 c5 7. cxd5 exd5 8. Be2
Nc6 9. O-O Be6 10. Rd1 Nb4 11. Qd2 Ne4 12. Nxe4 dxe4 13. a3 (13. Ne5 {1/2-1/2
Mamedyarov,S-Sokolov,I/Wijk aan Zee 2006/CBM 111/[Lutz] (26)}) 13... exf3 14.
Bxf3 Nc6 15. d5 Ne5 16. dxe6 Nxf3+ 17. gxf3 fxe6 18. Qc2 {Diese Stellung stand
schon einige Male auf dem Brett. Wenn Weiß den Damentausch zulässt, hat er
nichts, aber der Textzug verspricht auch nichts Besonderes.} (18. Qxd8+ Rxd8
19. Bd2 Be7 20. Ba5 Rd7 21. f4 Bf6 22. a4 Ke7 23. Kf1 Rxd1+ 24. Rxd1 b5 25.
axb5 axb5 26. b3 Rb8 $15 {1/2-1/2 Brynell,S-Rublevsky,S/Izmir 2004/CBM 104/
[Lutz] (59) Schwarz hat die Entwicklung vollendet und steht wegen seiner
mobilen Mehrheit am Damenflügel besser.}) (18. b3 Qxd2 19. Bxd2 Kd7 20. Bc3+
Kc6 21. Ra2 Be7 22. Rad2 Rad8 23. Rxd8 Rxd8 24. Rxd8 Bxd8 25. Bxg7 c4 26. bxc4
Kc5 27. f4 Kxc4 28. e4 Bc7 29. f5 exf5 30. exf5 Kd5 31. a4 b5 32. axb5 axb5 33.
Bc3 Be5 34. Bd2 Ke4 35. Kf1 Kxf5 36. h3 Bf4 37. Bc3 Ke4 38. Ke2 Bd6 39. Bd2 Kd4
40. Be3+ Kc4 41. Bd2 Bb4 42. Bxb4 Kxb4 43. Kd3 Ka3 44. Kc2 b4 45. Kb1 Kb3 46.
h4 Kc3 47. h5 {1/2-1/2 Sadler,M-Hodgson,J/Hastings 1996/CBM 51 (47)}) 18... Bd6
$5 (18... Qg5+ 19. Kf1 Rd8 20. Bd2 Be7 21. Bc3 Qg6 22. Qe4 Rxd1+ 23. Rxd1 Qxe4
24. fxe4 Rg8 25. Ke2 g6 26. Be5 b5 27. h4 c4 $13 {1/2-1/2 Aleksandrov,A-Bacrot,
E/Izmir 2004/CBM 104/[Lutz] (34)}) 19. Qe4 $5 {Weiß will das Unentschieden
forcieren.} (19. f4 $5 O-O 20. Qe4 Qe7 21. b3 $13 {ist die kämpferische
Alternative.}) 19... Bxh2+ 20. Kxh2 Qxd1 21. Qxe6+ Kf8 22. Qf5+ Kg8 {Schwarz
kann nicht ernsthaft dem Unentschieden ausweichen.} (22... Ke7 $5 23. e4 (23.
Qe5+ Kd7) 23... Qd7 24. Bg5+ Ke8 25. Qe5+ Kf8 26. Rd1 Qf7 27. Qxc5+ Kg8 28. Bh6
$5 $40) 23. Qe6+ 1/2-1/2

[Event "FIDE World Cup"]
[Site "Khanty-Mansiysk"]
[Date "2005.12.07"]
[Round "4.2"]
[White "Aronian, Levon"]
[Black "Vallejo Pons, Francisco"]
[Result "1/2-1/2"]
[WhiteElo "2724"]
[BlackElo "2674"]
[Annotator "Lutz,C"]
[PlyCount "84"]
[EventDate "2005.11.27"]
[EventType "k.o."]
[EventRounds "7"]
[EventCountry "RUS"]
[SourceTitle "CBM 111"]
[Source "ChessBase"]
[SourceDate "2006.04.04"]
[SourceVersion "1"]
[SourceVersionDate "2006.04.04"]
[SourceQuality "1"]

1. Nf3 d5 2. d4 Nf6 3. c4 e6 4. Nc3 c6 5. e3 Nbd7 6. Qc2 Bd6 7. g4 h6 8. Bd2
dxc4 9. Bxc4 b5 10. Bd3 Bb7 11. Rg1 Rc8 12. a3 c5 13. Nxb5 Bb8 14. Qd1 cxd4 15.
exd4 Nc5 16. Be2 Bxf3 17. Bxf3 Nd3+ 18. Ke2 Nxb2 19. Qb3 Nc4 20. Bb4 Qd7 21.
Nc3 Bxh2 22. g5 hxg5 23. Rxg5 Nd2 24. Qa4 Nxf3 25. Qxd7+ Kxd7 26. Kxf3 Bd6 27.
Nb5 Rh3+ 28. Kg2 Rh2+ 29. Kf3 Rh3+ 30. Kg2 Rh2+ 31. Kf3 Rc2 32. Nxd6 Rcxf2+ 33.
Ke3 Nd5+ 34. Kd3 {[%tqu "De","Wie konnte Schwarz gewinnen ?","","","a7a6",
"Vallejo spielte diesen Zug und ging damit an einer grossen Chance vorbei.",0,
"h2h3","Dies ist einer von zwei Gewinnmöglichkeiten.",10,"f2f3","Dies ist
einer von zwei Gewinnmöglichkeiten.",10]} a6 $4 {Vallejo geht an einer großen
Möglichkeit vorbei. Stattdessen konnte der Spanier auf zwei Arten den Gewinn
erzielen.} (34... Rf3+ 35. Kc4 Kc6 $19) (34... Rh3+ 35. Kc4 Kc6 $19) 35. Rg3
Rb2 36. Ne4 Rb3+ 37. Kc4 Rxg3 38. Nxg3 f5 39. Rg1 g5 40. Nxf5 Nb6+ 41. Kd3 exf5
42. Rxg5 Rh3+ 1/2-1/2

[Event "EU-ch 3rd"]
[Site "Batumi"]
[Date "2002.06.20"]
[Round "8"]
[White "Kempinski, Robert"]
[Black "Yagupov, Igor"]
[Result "0-1"]
[WhiteElo "2570"]
[BlackElo "2474"]
[Annotator "Lutz,C"]
[PlyCount "74"]
[EventDate "2002.06.12"]
[EventType "swiss"]
[EventRounds "13"]
[EventCountry "GEO"]
[SourceTitle "CBM 090"]
[Source "ChessBase"]
[SourceDate "2002.09.20"]
[SourceVersion "1"]
[SourceVersionDate "2002.09.20"]
[SourceQuality "1"]

1. d4 d5 2. c4 c6 3. Nc3 Nf6 4. e3 e6 5. Nf3 Nbd7 6. Qc2 Bd6 7. g4 Bb4 8. Bd3
$6 (8. Bd2 {ist die Hauptfortsetzung hier.}) 8... dxc4 {Weiß verliert noch ein
Tempo mit dem Läufer, so dass Schwarz zu einer schnellen Entwicklung kommt.} 9.
Bxc4 b5 10. Be2 Bb7 11. Bd2 (11. g5 {0-1 Makarov,M-Sakaev,K/Ekaterinburg 2002/
[Lutz] (39)}) 11... Rc8 12. g5 Bxc3 13. Bxc3 Nd5 14. Bd2 c5 $15 {Schwarz ist
zu einer schnellen Entwicklung gekommen. Der Bauer auf g5 und die damit
verbundenen Schwächen machen Weiß nun sicherlich keine Freude.} 15. dxc5 Rxc5
16. Qd3 Rc4 17. Qa3 Ra4 18. Qd6 Ra6 {Ein witziges Turmmanöver, um die weiße
Dame zurückzudrängen.} 19. Qg3 O-O 20. O-O Nc5 21. Qe5 Nd7 22. Qd4 (22. Qg3 $5)
22... e5 23. Qh4 h6 {Jetzt bekommt Weiß am Königsflügel kräftigen Ärger.} 24.
Bxb5 hxg5 25. Qg3 Rh6 26. Rfd1 $2 (26. Nxg5 Rg6 $44) 26... Nf4 $1 27. Nxg5 (27.
exf4 gxf4 28. Qg4 Rg6 $19) 27... Qxg5 $1 28. exf4 $2 (28. Qxg5 {war ubnbedingt
erforderlich, um die Damen vom Brett zu nehmen.} Nh3+ 29. Kf1 Nxg5 30. e4 $1 (
30. Bxd7 $2 Rxh2 $19 {nebst ...Rh1+ und ...Bf3+}) 30... Rxh2 31. Bxg5 Bxe4 32.
Ke2 $17 {und Weiß hat zwar einen Bauern weniger, spielt aber noch mit.}) 28...
Qf5 $19 29. Kf1 (29. Bxd7 Qxd7 30. fxe5 Rh3 $19) 29... exf4 30. Qd3 (30. Bxd7
fxg3 31. Bxf5 gxh2 32. Ke2 Re8+ 33. Be3 h1=Q 34. Rxh1 Rxh1 $19) 30... Qg4 31.
Bxd7 Qg2+ 32. Ke1 Ba6 33. Bxf4 Bxd3 34. Bxh6 Qf1+ 35. Kd2 Qe2+ 36. Kc3 Qc2+ 37.
Kd4 Rd8 0-1

[Event "Winterthur"]
[Site "Winterthur"]
[Date "1996.??.??"]
[Round "6"]
[White "Zueger, Beat"]
[Black "Pelletier, Yannick"]
[Result "1/2-1/2"]
[WhiteElo "2460"]
[BlackElo "2440"]
[Annotator "Lutz,C"]
[PlyCount "49"]
[EventDate "1996.09.??"]
[EventType "tourn"]
[EventRounds "11"]
[EventCountry "SUI"]
[EventCategory "9"]
[SourceTitle "CBM 055"]
[Source "ChessBase"]
[SourceDate "1996.12.01"]
[SourceVersion "1"]
[SourceVersionDate "1996.12.01"]
[SourceQuality "1"]

1. c4 e6 2. Nc3 d5 3. d4 c6 4. e3 Nf6 5. Nf3 Nbd7 6. Qc2 Bd6 7. Be2 O-O 8. O-O
e5 9. cxd5 cxd5 10. dxe5 $6 (10. Nb5 {ist wahrscheinlich der einzige Versuch,
etwas Vorteil zu bekommen.}) 10... Nxe5 11. Rd1 Nxf3+ 12. Bxf3 Qc7 13. h3 Bh2+
$1 14. Kh1 Be5 15. Bd2 Be6 16. Be1 Rfd8 $10 {[%csl Rc3,Re1] Wie die Praxis
gezeigt hat, ist diese Stellung äußerst bequem für Schwarz. Der Grund liegt in
der unharmonischen Stellung von Nc3 und Be1.} 17. Qe2 (17. Rac1 Rac8 18. Qa4
Qb8 19. Qb5 {1/2-1/2 Garcia Ilundain,D-Vera,R/Capablanca mem-A (04) ;CBM 54
1996}) 17... Qd7 {Mit der Idee ...Bxh3.} (17... a6 18. Rac1 $6 (18. Na4 $10 {
Epishin,V-Illescas Cordoba,M/URS-ESP mT ;EXT 91 1991 (22)}) 18... Rac8 19. a3
Qd7 20. Kg1 Bb8 $1 21. g3 Ba7 22. g4 $2 h6 $1 $17 {Gurevich,M-Khalifman,A/Biel
izt (07) ;CBM 37 1993}) 18. Kg1 a6 19. Rac1 Rac8 20. b3 Bb8 21. h4 Ba7 22. g3
h6 23. Na4 b5 24. Rxc8 Qxc8 25. Nc3 1/2-1/2

[Event "Bundesliga 0304"]
[Site "Germany"]
[Date "2003.12.13"]
[Round "5.2"]
[White "Kasimdzhanov, Rustam"]
[Black "Marcelin, Cyril"]
[Result "1-0"]
[WhiteElo "2668"]
[BlackElo "2473"]
[Annotator "Lutz,C"]
[PlyCount "59"]
[EventDate "2003.11.01"]
[EventType "team-tourn"]
[EventRounds "15"]
[EventCountry "GER"]
[SourceTitle "CBM 099"]
[Source "ChessBase"]
[SourceDate "2004.03.30"]
[SourceVersion "1"]
[SourceVersionDate "2004.03.30"]
[SourceQuality "1"]
[WhiteTeam "Solingen"]
[BlackTeam "St Ingbert"]
[WhiteTeamCountry "GER"]
[BlackTeamCountry "GER"]

1. d4 d5 2. c4 e6 3. Nc3 c6 4. e3 Nf6 5. Nf3 a6 $5 6. b3 Bb4 7. Bd2 Nbd7 8. Bd3
O-O 9. O-O (9. Qc2 $5 Bd6 10. Ne2 c5 11. O-O b6 12. cxd5 exd5 13. Ng3 Bb7 14.
Nf5 Bc7 15. dxc5 bxc5 16. b4 c4 17. Be2 Ne4 18. Bc3 Nxc3 19. Qxc3 Nf6 20. Rfd1
Bc8 $4 21. Rxd5 Qe8 22. Bxc4 {1-0 Huzman,A-Kasparov,G/Rethymnon 2003/CBM 98 no
vc (22)}) 9... Qe7 (9... Bd6 10. e4 dxc4 11. bxc4 e5 12. c5 $1 Bc7 13. Na4 exd4
14. h3 $1 Re8 15. Re1 h6 16. Rb1 Nh7 17. Bc4 Qf6 18. Rb3 Nhf8 $6 19. Bc1 Ng6
20. Nxd4 Nde5 21. Bf1 $14 {1-0 Kasparov,G-Gelfand,B/Linares 1991/CBM 22/[Anand]
(38)}) 10. h3 (10. Qc2 h6 11. Rfe1 e5 12. dxe5 Nxe5 13. Nxe5 Qxe5 14. cxd5 cxd5
15. Ne2 Bd6 16. Ng3 Qe7 17. Bc3 Ng4 18. Bh7+ Kh8 19. Bf5 Bxg3 20. hxg3 Qg5 21.
Bxg4 Bxg4 22. Bd4 Rac8 23. Qd2 Kg8 24. Rac1 Rxc1 25. Rxc1 Rc8 26. Rxc8+ Bxc8
27. Qc3 Be6 28. Qc7 b5 29. Qb7 Qg4 30. Qb8+ Kh7 31. f3 Qg6 32. Qc7 Bf5 33. g4
Bb1 34. a3 Bc2 35. b4 Bd3 36. Qe5 Bc4 37. Kh2 Qg5 38. Qxg5 hxg5 39. Kg3 {
1/2-1/2 Nielsen,P-Agrest,E/Istanbul 2003/CBM 96 (39)}) (10. Ne5 Bd6 11. f4 c5
12. Be1 dxc4 13. bxc4 Qd8 14. Qf3 Rb8 15. Rd1 Qc7 16. Qh3 g6 17. Rf3 Re8 18. g4
b6 19. Qh4 Be7 20. Rh3 Nh5 21. Qf2 Ng7 22. Nxd7 Bxd7 23. d5 b5 24. dxe6 fxe6
25. g5 Red8 26. Rxh7 Be8 27. Rh6 b4 28. Ne4 Nf5 29. Rh3 Ba4 30. Rd2 Kg7 31. Ng3
Rh8 32. Rxh8 Rxh8 33. Bxf5 exf5 34. e4 fxe4 35. Nxe4 Bd7 36. Nf6 Bxf6 37. gxf6+
Kxf6 38. Rd5 Rh5 39. Rxh5 gxh5 40. Qh4+ Ke6 41. Bg3 Qc6 42. Qxh5 Qe4 {1/2-1/2
Uhlmann,W-Minev,N/Havana 1966/EXT 99 (42)}) 10... Rd8 11. cxd5 cxd5 $2 {
So überlässt Schwarz dem Weißen immer noch ein kleines Übergewicht.} (11...
exd5 {gibt Schwarz eine bequeme Stellung. Im Vergleich zu Stellungen aus der
Abtauschvariante im Damengambit steht der weiße Läufer passiv auf d2, Weiß
kann daher nur auf Ausgleich rechnen.} 12. Na4 Bd6 13. Ba5 Re8 14. Qc2 Ne4 15.
Rac1 Rb8 {nebst ...Ndf6}) 12. Na4 Bd6 13. Ba5 Re8 14. Rc1 $14 b5 {Ohne diesen
Zug kann Schwarz seine Figuren nicht entwickeln, aber nun ist das Feld c5
dauerhaft geschwächt.} 15. Nb6 Rb8 16. Nxd7 Bxd7 17. Bc7 {Der Abtausch der
schwarzfeldrigen Läufer betont die schwarzen Schwächen.} Rbc8 18. Bxd6 Qxd6 19.
Qd2 Qa3 {Auf a3 richtet die schwarze Dame nicht so viel aus. Schwarz sollte
hier die Gelegenheit nutzen, um die Bauernstellung am Damenflügel etwas zu
korrigieren.} (19... b4 $5 20. Ne5 a5 $14) 20. Ne5 g6 $2 {Und noch ein Bauer
auf die weißen Felder gestellt ...} 21. b4 $16 Kg7 22. g4 Rxc1 (22... h6 $5)
23. Rxc1 Rc8 24. Rc5 $1 Rxc5 25. dxc5 Bc8 26. g5 Nd7 27. Bf1 $1 $18 {Jetzt
dringt die weiße Dame ein.} a5 (27... Nxe5 28. Qd4 f6 29. gxf6+ Kxf6 30. Qf4+
Ke7 31. Qxe5 Qxb4 32. Qg7+ Ke8 33. Qg8+ Kd7 34. Qf7+ Kc6 35. Qf8 $1 $18 {/\}
Kd7 36. c6+) 28. Nxd7 Bxd7 29. Qd4+ Kf8 (29... Kg8 30. Qf6 $18) 30. c6 1-0